000 01234nam a2200337 i 4500
001 3705
003 BD-RJUL
005 20211208233755.0
008 780106s1977 iaua b 000 0 eng
035 _a(BD-RJUL)3739
035 _a(OCoLC)03607732
035 _aGLIS00049695
040 _aDLC
_cDLC
_dMYG
_beng
041 _aeng
082 _216
_a333
_bLAN 1977
099 _aHD171.A15.L34
245 0 0 _aLand use :
_btough choices in today's world : the proceedings of a national symposium, March 21-24, 1977, in Omaha, Nebraska.
260 _aAnkeny, Iowa :
_bSoil Conservation Society of America,
_cc1977.
300 _ax, 454 p. :
_bill. ;
_c23 cm.
490 1 _aSpecial publication - Soil Conservation Society of America ; no. 22
504 _aIncludes bibliographies.
526 _bSociology
650 0 _aLand use
_zUnited States
_vCongresses.
_911759
650 0 _aLand use
_zUnited States
_xPlanning
_vCongresses.
_911760
830 0 _vno. 22.
_911768
711 2 _aNational Symposium on Land Use: Tough Choices in Today's World
_d(1977 :
_cOmaha, Neb.)
_911762
830 0 _aSpecial publication (Soil Conservation Society of America) ;
_911769
942 _2ddc
_cBK
999 _c3705
_d3705